Visualizzazione normale
Vista MARC
- Rice Tim
di Personal Name
Records bibliografici associati: 1
001 - CONTROL NUMBER
- control field: 1089
003 - CONTROL NUMBER IDENTIFIER
- control field: IT-RoPau
005 - DATE AND TIME OF LATEST TRANSACTION
- control field: 20131107091902.0
008 - FIXED-LENGTH DATA ELEMENTS
- fixed length control field: 131107|| aca||aabn | a|a d
040 ## - CATALOGING SOURCE
- Original cataloging agency: IT-RoPau
- Transcribing agency: IT-RoPau
100 ## - HEADING--PERSONAL NAME
- Personal name: Rice Tim
- Relator term: Autore
- Miscellaneous information: Codice autore SPICS: 11116
670 ## - SOURCE DATA FOUND
- Source citation: Work cat.: (IT-RoPau)103668: Webber Andrew Lloyd 977, Jesus Christ Superstar (Lp Sml.1088)